| 000 | 00533nam a2200193Ia 4500 | ||
|---|---|---|---|
| 008 | 131103s9999 xx 000 0 und d | ||
| 040 | _aLoreto College | ||
| 041 | _aEnglish | ||
| 082 |
_a994/PAL _bLCLIB/14673 |
||
| 100 | _aPalmer, Vance | ||
| 245 |
_aNational portraits _cVance Palmer |
||
| 260 |
_aSydney _bMelbourne University Press _c1948 |
||
| 300 |
_avii,226p. _c 21cm. |
||
| 504 | _aIncludes bibliographical references | ||
| 650 | _aHistory | ||
| 651 | _aAustralia - History | ||
| 850 | _aLCLIB/994/PAL | ||
| 942 | _cBK | ||
| 999 |
_c25098 _d75577 |
||